High-Sensitive X-Ray Detectors Using Gas Discharge with Extreme Dense Structure for Amplification and Visualization of X-Ray Images; Nuclear Science Symposium & Medical Imaging Conference (NSS/MIC 2005), Puerto Rico, USA, october 23-29, 2005

Dades bibliogràfiques
Parent link:Nuclear Science Symposium & Medical Imaging Conference (NSS/MIC 2005), Puerto Rico, USA, october 23-29, 2005.— 2005.— С. 87
Autor principal: Alkhimov Yu. V. Yuri Vasilyevich
Altres autors: Kuleshov V. K. Valery Konstantinovich
Sumari:В фонде НТБ ТПУ отсутствует
Idioma:anglès
Publicat: 2005
Matèries:
Format: MixedMaterials Capítol de llibre
KOHA link:https://koha.lib.tpu.ru/cgi-bin/koha/opac-detail.pl?biblionumber=597369

MARC

LEADER 00000naa0a2200000 4500
001 597369
005 20250205132737.0
035 |a (RuTPU)RU\TPU\tpu\20608 
090 |a 597369 
100 |a 20120131d2005 k||y0rusy50 ba 
101 0 |a eng 
102 |a US 
200 1 |a High-Sensitive X-Ray Detectors Using Gas Discharge with Extreme Dense Structure for Amplification and Visualization of X-Ray Images  |f Yu. V. Alkhimov, V. K. Kuleshov 
333 |a В фонде НТБ ТПУ отсутствует 
463 |t Nuclear Science Symposium & Medical Imaging Conference (NSS/MIC 2005), Puerto Rico, USA, october 23-29, 2005  |o abstracts  |v С. 87  |d 2005 
610 1 |a труды учёных ТПУ 
700 1 |a Alkhimov  |b Yu. V.  |c Specialist in Non-Destructive Testing  |c Associate Professor of Tomsk Polytechnic University, Candidate of Technical Sciences  |f 1958-  |g Yuri Vasilyevich  |3 (RuTPU)RU\TPU\pers\29160 
701 1 |a Kuleshov  |b V. K.  |c specialist in nondestructive methods of testing  |c Doctor of Technical Sciences, Professor of Tomsk Polytechnic University (TPU)  |f 1939-  |g Valery Konstantinovich  |3 (RuTPU)RU\TPU\pers\29130  |4 070 
801 1 |a RU  |b 63413507  |c 20120131 
942 |c BK